000
00302nam a2200109Ia 4500
008
220216s9999 xx 000 0 und d
100
_a
Mathew G
245
0
_a
Rubber thaikalil krithrimamayi sakhakal valarthuvan sradhikkenda karyangal
260
_b
Rubber Mithram
_c
2008
300
_a
35-38
942
_c
JS
999
_c
68045
_d
68045